000
00308nam a22001337a 4500
008
181203b xxu||||| |||| 00| 0 eng d
020
_a
9781587787133
041
_a
eng
080
_2
9th
_a
336
100
_a
56
101
_a
FIN
245
_a
Business Organization and Finance
_c
Klein,W,A
942
_2
udc
_c
BK
999
_c
52739
_d
52739